00390nam a2200145Ia 4500008004100000084001500041100002000056245005800076250002200134260001800156260000900174260001500183300001100198500003500209180424s9999 xx 000 0 und d a362.042 L1 a"Lemert, Edwin" 0a"Human Deviance, Social Problems, and Social Control" a\\196700ENGGPC000 aPrentice Hall b1967 cNew Jersey ax+277p aincludes index and biblioraphy